Numerické metódy pre niektoré level set rovnice s krivostným členom

Guardado en:
Detalles Bibliográficos
Autor principal: Lacková, Katarína (Autor)
Otros Autores: Frolkovič, Peter (Orientador)
Formato: Manuscrito Libro
Lenguaje:eslovaco
Publicado: 2021
Materias:
Acceso en línea:http://is.stuba.sk/zp/portal_zp.pl?podrobnosti=159061
https://opac.crzp.sk/?fn=detailBiblioForm&sid=7E417B54B864B7C45821F74635AB
Etiquetas: Agregar Etiqueta
Sin Etiquetas, Sea el primero en etiquetar este registro!

MARC

LEADER 00000ntm a22000003a 4500
001 stuzp82342
003 SK-STU
005 20230515093321.9
007 ta
008 150427s2015----xo-----f-mn---000-0-slo-d
040 |a STU  |b slo 
041 0 |a slo 
100 1 |a Lacková, Katarína  |u 010220  |4 aut  |U SvF Stavebná fakulta  |T SvF Katedra matematiky a deskriptívnej geometrie  |X 87685  |U V220  |Y 23  |7 87685 
242 0 1 |a Numerical methods for some level set equations with curvature term  |y eng 
245 1 0 |a Numerické metódy pre niektoré level set rovnice s krivostným členom 
260 |c 2021 
650 4 |a metódy úrovňovej množiny  |2 slo 
650 4 |a numerická aproximácia  |2 slo 
650 4 |a upwind numerické schémy  |2 slo 
650 4 |a eikonalova rovnica s regularizačným krivostným členom  |2 slo 
650 4 |a level set methods  |2 eng 
650 4 |a numerical approximation  |2 eng 
650 4 |a upwind numerical schemes  |2 eng 
650 4 |a eikonal equation with regularization curvature term  |2 eng 
700 1 |a Frolkovič, Peter  |u 010220  |k Z1  |4 ths  |U SvF Stavebná fakulta  |T SvF Katedra matematiky a deskriptívnej geometrie  |X 3011  |U V220  |Y 23  |7 A000003011 
856 4 |u http://is.stuba.sk/zp/portal_zp.pl?podrobnosti=159061 
856 4 |u https://opac.crzp.sk/?fn=detailBiblioForm&sid=7E417B54B864B7C45821F74635AB